000 00374nam a22001577a 4500
005 20170401155421.0
008 170401b xxu||||| |||| 00| 0 eng d
020 _a978-81-7956-139-3
041 _aeng
100 _aKAKU,L.C
_93781
245 _aNUMERICAL PROBLEMS ON MINE VENTILATION
260 _bLOVELY PRAKSAN
300 _a208
650 _aMINING
_93794
942 _cBK
999 _c5398
_d5396